Využívanie Quick Response kódov v cestovnom ruchu bakalárska práca

Guardado en:
Detalles Bibliográficos
Autor principal: Zvarová, Júlia
Autor Corporativo: Obchodná fakulta EU. Katedra tovaroznalectva a kvality tovaru
Otros Autores: Košútová, Tatiana, 1962-
Formato: Libro
Lenguaje:eslovaco
Publicado: Bratislava 2018
Etiquetas: Agregar Etiqueta
Sin Etiquetas, Sea el primero en etiquetar este registro!

MARC

LEADER 00000nbm a2200000 4500
001 0245039
005 20180911145453.0
041 0 |a slo 
044 |a SK 
245 1 0 |a Využívanie Quick Response kódov v cestovnom ruchu  |b bakalárska práca  |c Júlia Zvarová ; školiteľ: Tatiana Košútová 
264 1 |a Bratislava  |c 2018 
300 |a 50 s. 
100 1 |a Zvarová, Júlia 
700 1 |a Košútová, Tatiana, 1962- 
710 2 |a Obchodná fakulta EU. Katedra tovaroznalectva a kvality tovaru